| 000 | 00469nam a2200205Ia 4500 | ||
|---|---|---|---|
| 999 |
_c13342 _d13342 |
||
| 003 | 0100 | ||
| 005 | 20170428092309.0 | ||
| 008 | 130303s9999 xx 000 0 und d | ||
| 020 | _a521053714 | ||
| 040 | _cARRUPELIB | ||
| 050 | _aDT447.I4 1969 | ||
| 100 |
_aIllife, John _930048 |
||
| 245 | _aTanganyika under German rule 1905-1912 | ||
| 260 |
_bCambridge University Press _aLondon _c1969 |
||
| 300 | _a236p. | ||
| 300 | _b 22cm. | ||
| 650 |
_bTanzania _xHistory _930040 |
||
| 942 | 0 | 0 |
_01 _2lcc _cMONOGRAPH |